| 000 | 00688nam a2200241Ia 4500 | ||
|---|---|---|---|
| 005 | 20260629163254.0 | ||
| 008 | 260629s9999||||xx |||||||||||||| ||und|| | ||
| 020 |
_a816646090 _qpbk |
||
| 020 |
_a9780816646098 _qpbk |
||
| 082 |
_a325.3 _bKRI |
||
| 100 | _aKrishnaswamy, Revathi [ed.] | ||
| 245 | 4 | _aThe post-colonial and the global | |
| 260 |
_aMinneapolis _bUniversity of Minnesota Press _c2007 |
||
| 300 | _a329p. ; 25cm. | ||
| 653 | _aCulture and globalization | ||
| 653 | _aGlobalization | ||
| 653 | _aImperialism | ||
| 653 | _aInternationalism | ||
| 653 | _aLiterature and globalization | ||
| 653 | _aPostcolonialism | ||
| 700 | _aHawley, John C. [ed.] | ||
| 942 | _cBK | ||
| 999 |
_c57297 _d57297 |
||